Techniques and Architecture /

Publicación mensual francesa que aborda la arquitectura desde sus aspectos técnicos, tanto en la proyección, el diseño y la construcción. En sus páginas se presentan casos de construcción arquitectónica de Francia y de todo el mundo, ademas de reportajes y artículos de crítica sobre arquitectura mod...

Descripción completa

Guardado en:
Detalles Bibliográficos
Otros autores: Massé, Georges (dirección) (dirección)
Formato: Libro
Idioma:Francés
Temas:
Etiquetas: Agrega una etiqueta
Sin etiquetas, Sé el primero en etiquetar este registro!

MARC

LEADER 00000nam^a2200000^a^4500
001 000264275
005 20250521000000.0
009 20260310110641.055
037 |a Acervo ITESO - Biblioteca 
041 |a FRA 
082 |a 720. 5  |b TEC 1954 V. 7-8 
240 1 1 |a [Techniques and Architecture] 
245 0 0 |a Techniques and Architecture /  |c Dir. de G. Massé. 
264 |a París, Francia :  |b Techniques and Architecture,  |c 1954 
300 |a 119 p. 
336 |a texto  |b txt  |2 rdacontenido 
337 |a sin mediación  |b n  |2 rdamedio 
338 |a volumen  |b nc  |2 rdasoporte 
520 |a Publicación mensual francesa que aborda la arquitectura desde sus aspectos técnicos, tanto en la proyección, el diseño y la construcción. En sus páginas se presentan casos de construcción arquitectónica de Francia y de todo el mundo, ademas de reportajes y artículos de crítica sobre arquitectura moderna. En 1964, la editorial JeanMichelPlace comenzó a publicar la revista. 
649 |a XX 
650 |a Arquitectura -  |x Publicaciones Periódicas Francesas -  |x Tema Principal 
650 |a Ingenieros Franceses 
650 |a Arquitectos Franceses 
650 |a Artistas Franceses 
650 |a Construcción 
650 |a Departamentos -  |z Francia 
650 |a Condominios Horizontales -  |z Francia 
650 |a Condominios Horizontales -  |z Bélgica 
650 |a Vivienda -  |z Francia 
650 |a Vivienda -  |z Bélgica 
650 |a Arquitectura Prefabricada 
650 |a Arquitectura Francesa -  |y Siglo XX 
650 |a Arquitectura Francesa -  |x Historia y Crítica 
650 |a Arquitectura Belga -  |y Siglo XX 
650 |a Arquitectura Belga -  |x Historia y Crítica 
650 |a Arte Francés -  |y Siglo XX 
650 |a Arte Francés -  |x Historia y Crítica 
650 |a Arte Belga -  |y Siglo XX 
650 |a Arte Belga -  |x Historia y Crítica 
650 |a Perret, Auguste 
650 |a Publicaciones Periódicas Francesas 
700 |a Massé, Georges  |e (dirección) 
910 |a Fondo Julio de la Peña Lomelín 
920 |a Impresos - Libros 
930 |a Arquitectos Jaliscienses 
905 |a 115 
901 |a 0500146153  |b IT1  |c JAL  |u 20250521 
902 |a https://opac.biblio.iteso.mx/vufind/Record/000264275